000
00217nam a2200085Ia 4500
008
120527s9999 xx 000 0 und d
100
_a
Whitley, E.
245
_a
Principles of research in Behavioural science
942
_c
BK
999
_c
27445
_d
27445